000
00309nam a22001331a 4500
020
_a
9788170816430
082
_a
S 630
_b
NAV/S
100
_a
Navalatha
245
_a
Sanskrit vagmaye krishi vigyanam/
_c
by Navalatha
260
_a
Delhi:
_b
Nag,
_c
2007.
300
_a
264p.
650
_a
Agriculture
942
_c
BK
999
_c
40494
_d
40494